Is Dit Alles - Doe Maar (Lyrics) - Statistics

General Stats
  • This quiz has been taken 7 times
  • The average score is 164 of 277
Answer Stats
Answer % Correct
alles
100%
dit
100%
is
100%
er
75%
o
75%
oe
75%
wat
75%
aan
50%
ah
50%
aha
50%
allang
50%
alleen
50%
als
50%
auto
50%
ben
50%
blij
50%
een
50%
eens
50%
elkaar
50%
ga
50%
geval
50%
het
50%
huis
50%
iets
50%
ik
50%
je
50%
'k
50%
kind
50%
lieve
50%
maar
50%
meer
50%
met
50%
nee
50%
niet
50%
praten
50%
schat
50%
schrik
50%
't
50%
toen
50%
verlaten
50%
waar
50%
want
50%
we
50%
weet
50%
wil
50%
zitten
50%
zo
50%
ah-ha
25%
beetje
25%
doen
25%
einde
25%
en
25%
hebben
25%
hmm
25%
ja
25%
kan
25%
klos
25%
kom
25%
komen
25%
kort
25%
los
25%
mmm
25%
net
25%
niks
25%
nou
25%
te
25%
woe
25%
yeah
25%
zijn
25%
zoek
25%
allemaal
0%
de
0%
delen
0%
dertien
0%
in
0%
leven
0%
nu
0%
oho
0%
stuk
0%
trouw
0%
van
0%
wo-ho
0%
zovelen
0%
No matching quizzes found
Score Distribution
Percent of People with Each Score
Percentile by Number Answered
Your Score History
You have not taken this quiz